[Event "London Classic"]
[Site "London"]
[Date "2009.12.14"]
[Round "6"]
[White "Kramnik, Vladimir"]
[Black "Short, Nigel D"]
[Result "1-0"]
[WhiteElo "2772"]
[BlackElo "2707"]
[Annotator "Saunders,J"]
[PlyCount "79"]
[EventDate "2009.12.08"]
[EventType "tourn"]
[EventRounds "7"]
[EventCountry "ENG"]
[EventCategory "18"]
[SourceTitle "CBM 134"]
[Source "ChessBase"]
[SourceDate "2010.01.18"]
[SourceVersion "1"]
[SourceVersionDate "2010.01.18"]
[SourceQuality "1"]

1. Nf3 d5 2. d4 Nf6 3. c4 e6 4. Nc3 Bb4 {This opening can't quite make up its
mind whether it is the Ragozin variation of the Queen's Gambit Declined or a
line of the Nimzo-Indian. But, as William Shakespeare said, what's in a name?}
5. Qb3 c5 (5... Ba5 {is an idea here.}) 6. cxd5 exd5 7. dxc5 Nc6 8. Bg5 $5 ({
You won't find that move on your database - it is fresh from 'Laboratoire
Kramnik'. Why did he inflict it on Short? Because he's worth it...} 8. e3 O-O
9. Be2 Be6 10. Nd4 Bxc5 11. Nxe6 fxe6 12. O-O Qe7 {which was Karpov-Kramnik,
Monte Carlo 1997. Kramnik won that game.}) 8... Be6 9. O-O-O {Things are
already a bit tricky for Black. He decides to sacrifice a pawn.} Qa5 10. Bxf6
gxf6 11. Nxd5 O-O-O 12. e4 f5 13. Bc4 Bxc5 (13... Qxc5 {is a bold try but} 14.
Kb1 fxe4 15. Ng5 {looks very useful for White.}) 14. Ng5 fxe4 15. Nxe4 Bd4 16.
Ndc3 Rhe8 17. Bxe6+ Rxe6 18. f3 Ne5 ({Perhaps} 18... Kb8 {is called for,
though White is still better.}) 19. Nb5 {#Kramnik was heard to say in the
commentary room, and at a later video interview, that his position was very
strong after this.} Rb6 ({If Black backs off with} 19... Bb6 {then} 20. Rxd8+
Kxd8 21. Nbd6 {starts to get very unpleasant.}) 20. Qc2+ Rc6 21. Nec3 Bxc3 ({
The only other move worth contemplating is} 21... Be3+ 22. Kb1 Kb8 23. Rxd8+
Qxd8 24. Rd1 Qg8 {but really Black is a pawn down for no compensation after
this.}) 22. Rxd8+ Kxd8 23. Nxc3 Kc7 24. Rd1 a6 25. Qxh7 {#} Kb8 ({It is
surprising that neither player gave much thought to} 25... Qxa2 {here, as it
is perfectly logical and apparently quite playable. When the players were
discussing this in the commentary room, they looked at} 26. Qh8 Rxc3+ $5 27.
bxc3 Qa1+ 28. Kd2 Qb2+ 29. Ke1 Qxc3+ 30. Kf1 Qc4+ 31. Kg1 Qc5+ 32. Kh1 {
#, etc, etc, and Kramnik concluded he was winning, so they moved onto another
position. But it was suddenly apparent to the spectators that IM Lawrence
Trent was desperately straining to say something. On and on went Kramnik,
barely pausing for breath and oblivious to Lawrence's attempts to catch his
eye. Eventually the Kramnik stream of consciousness abated for a second and
Lawrence seized his chance: "Can we go back to the earlier position?" (the one
in the diagram). Then Lawrence dropped his bombshell: "Black plays} Nd3 $3 {
"... the super-GMs were temporarily bemused by the sheer effrontery of the
young English commentator... Kramnik tried to rescue his line... "I play} 33.
Rf1 {", but Lawrence was ready for him: "... then} Nf2+ $3 {"... another
super-grandmaster pause. Kramnik, finally recognising a choice between being
mated on the back rank or being caught by Philidor's legacy, smiled in that
closed-eye way of his and said: "Well... I wouldn't have played 26 Qh8!", to a
gale of mirth from an audience which was thoroughly enjoying young Trent's
moment of triumph over his elders and betters. Back to the game...}) 26. Kb1
Nc4 27. Qh8+ Rc8 28. Qd4 Qb4 29. b3 a5 30. Ka1 Na3 31. Qxb4 axb4 32. Nd5 Rc2 {
It is hard to resign when you can place a rook on the seventh and perhaps
threaten something. But in fact Kramnik had calculated it all through to the
finish.} 33. Nxb4 Rxg2 34. Rh1 {The rook sits behind the pawn and pushes.
Simple chess.} Ka7 35. h4 Kb6 36. h5 Ka5 37. h6 Kxb4 38. h7 Nc2+ 39. Kb1 Na3+
40. Kc1 1-0

[Event "London Classic"]
[Site "London"]
[Date "2009.12.15"]
[Round "7"]
[White "Nakamura, Hikaru"]
[Black "Kramnik, Vladimir"]
[Result "1/2-1/2"]
[WhiteElo "2715"]
[BlackElo "2772"]
[Annotator "Krasenkow,M"]
[PlyCount "68"]
[EventDate "2009.12.08"]
[EventType "tourn"]
[EventRounds "7"]
[EventCountry "ENG"]
[EventCategory "18"]
[SourceTitle "CBM 134"]
[Source "ChessBase"]
[SourceDate "2010.01.18"]
[SourceVersion "1"]
[SourceVersionDate "2010.01.18"]
[SourceQuality "1"]

1. d4 Nf6 2. c4 e6 3. Nc3 Bb4 4. Nf3 d5 5. Qa4+ Nc6 6. e3 O-O 7. Qc2 {For this
move - see CBM 123, annotations to Socko - Gajewski. However, there have been
a lot of developments since then.} Re8 (7... a6 8. a3 Be7 9. b4 dxc4 10. Bxc4
Bd6 11. Bb2 e5 12. dxe5 Nxe5 (12... Bxe5 13. Nxe5 Nxe5 14. Be2 Be6 15. Ne4 Bf5
16. Nxf6+ Qxf6 17. Qxc7 Nd3+ 18. Bxd3 Qxb2 19. Rb1 Rac8 20. Qxc8 Qxb1+ 21. Bxb1
Rxc8 22. Kd2 $16 {1-0 Bartel,M (2588)-Colovic,A (2493)/Plovdiv 2008/CBM 124 
(39)}) 13. Nxe5 Bxe5 14. f4 $1 $146 Bd6 15. O-O Re8 16. e4 Ng4 17. Qe2 (17. Qb3
$142 Be6 18. Bxe6 Rxe6 19. h3 $16) 17... b5 18. Bb3 (18. Ba2 $142) 18... c5 19.
h3 $14 cxb4 $6 20. axb4 Bxb4 21. hxg4 Bc5+ 22. Rf2 Qh4 23. f5 Bb7 {1-0
Krasenkow,M (2624)-Koneru,H (2603)/Mumbai 2008/CBM 124 Extra (48)} 24. Ba3 $3
$16) (7... b6 8. Be2 Ba6 9. cxd5 Bxe2 10. Kxe2 exd5 11. Rd1 Ne7 12. Bd2 c5 13.
dxc5 bxc5 14. Kf1 Rc8 15. Kg1 Qb6 16. a3 Bxc3 17. Bxc3 Ne4 18. Be5 $14 {
1-0 Cramling,P (2525)-Kosintseva,N (2518)/Konya TUR 2009/The Week in Chess 787
(40)}) (7... Bd6 $5 8. c5 Be7 9. Bb5 (9. h3 $6 b6 10. a3 bxc5 11. dxc5 a5 12.
Bb5 Na7 13. c6 Nxb5 14. Nxb5 Ba6 15. Nbd4 Ne4 $17 {0-1 Dworakowska,J (2335)
-Atalik,E (2409)/Plovdiv 2008/CBM 123 Extra (26)}) 9... Bd7 10. a3 Qe8 11. Bd3
a5 12. b3 b6 13. cxb6 cxb6 14. Bb2 Qb8 15. O-O Rc8 16. Qe2 Bd6 17. Nb5 Be7 18.
Rac1 Na7 $11 {1/2 Krasenkow,M (2639)-Golod,V (2578)/Helsingor 2008/CBM 125
Extra (48)}) (7... dxc4 {is probably the simplest way to equalise:} 8. Bxc4 e5
$5 (8... Bd6 $5 9. O-O (9. Ng5 h6 10. Nge4 e5 11. Nxd6 cxd6 12. d5 Ne7 13. e4
Ng6 14. O-O Nh5 15. Qd1 Nf6 16. Kh1 Bd7 17. a4 Rc8 18. b3 a6 19. f3 Nh7 20. Ba3
Qe7 21. Qd2 Ng5 $11 {0-1 Moranda,W (2533)-Moiseenko,A (2632)/Polanica Zdroj
2008/CBM 126 (35)}) 9... e5 10. h3 exd4 (10... Qe7 11. a3 Bd7 12. d5 Na5 13.
Bd3 c5 14. dxc6 Nxc6 15. Rd1 Rac8 16. Bd2 h6 17. Rac1 Rfd8 18. Qb1 Be6 19. Ne4
Bb3 20. Re1 Bd5 21. Bc3 Nxe4 22. Bxe4 Bxe4 23. Qxe4 Qe6 $11 {0-1 Najer,E (2681)
-Fressinet,L (2658)/Hamburg GER 2009/The Week in Chess 788 (41)}) 11. exd4 Nb4
(11... h6 12. a3 a6 13. Ba2 Ne7 14. Ne5 c5 15. Nxf7 Rxf7 16. dxc5 Bxc5 17. Qb3
Ned5 18. Nxd5 Be6 19. Nxf6+ Rxf6 $44 {1/2 Cramling,P (2535)-Lomineishvili,M 
(2378)/Ohrid MKD 2009/The Week in Chess 779 (24)}) 12. Qd1 Bf5 13. a3 Nc6 14.
Re1 h6 15. Ne5 Bxe5 16. dxe5 Qxd1 17. Nxd1 Nd7 $11 {1/2 Chiburdanidze,M (2506)
-Kosintseva,T (2536)/Ningbo CHN 2009/The Week in Chess 774 (37)}) (8... a6 $143
9. O-O (9. a3 Bd6 10. Ng5 h6 11. Nge4 Nxe4 12. Nxe4 e5 13. Nxd6 cxd6 14. d5 Ne7
15. O-O b5 16. Bd3 f5 17. e4 fxe4 18. Bxe4 Bf5 $11 {1-0 Gonzalez Garcia,J 
(2509)-Vehi Bach,V (2387)/Barbera ESP 2009/The Week in Chess 766 (54)}) 9...
Bd6 10. Rd1 Qe8 11. a3 e5 12. Ng5 h6 13. Nge4 Nxe4 14. Nxe4 Qe7 15. d5 Nd8 16.
Nxd6 cxd6 17. a4 $14 {1/2-1/2 Hillarp Persson,T-Arutinian,D/Crete 2007/CBM 121
(45)}) 9. a3 (9. Nxe5 Nxe5 10. dxe5 Ng4 11. Qb3 Bxc3+ 12. Qxc3 Qh4 13. g3 Qh3
14. Bf1 Qh5 15. Be2 Qh3 16. Bf1 Qh5 17. Be2 {1/2 Krasenkow,M (2639)-Socko,B 
(2627)/Warsaw 2008/CBM 126}) 9... Ba5 10. Nxe5 Nxe5 11. dxe5 Ng4 12. Bd3 Bxc3+
13. Qxc3 Qh4 14. g3 Qh3 15. Bf1 Qh5 16. Be2 Qh3 17. Bf1 Qh5 18. Bg2 Nxe5 19. f4
Nf3+ 20. Kf2 Nxh2 $13 {1-0 Socko,B (2644)-Zdebskaja,N (2368)/Differdange 2008/
CBM 124 Extra (30)}) 8. Bd2 Bf8 $5 $146 {[%mdl 8]} (8... e5 9. dxe5 Nxe5 10.
cxd5 $5 $14) 9. a3 (9. Be2 $5 e5 $5 (9... dxc4 10. Bxc4 e5 $6 11. Ng5) (9...
Nb4 {[%cal Yc7c5]} 10. Qb3)) 9... e5 $1 $11 10. dxe5 (10. cxd5 $2 Nxd4 $1)
10... Nxe5 11. cxd5 Nxd5 12. O-O-O Nb6 13. Ne4 Nxf3 14. gxf3 Qh4 15. Bc3 (15.
Bd3 $142 Rd8 (15... Bf5 16. Nf6+) 16. Bc3 Be7 $5 17. Rhg1 g6 $11) 15... Bf5 $1
16. Bd3 Bg6 $15 {Safely parrying White's threats along the g-file and
obtaining the better prospects due to White's damaged pawn structure.} 17. f4
Rad8 18. f5 (18. Ng3 $5) 18... Rxd3 $6 (18... Bh5 $1 19. Rdg1 Nd5 20. Rg3 Nxc3
21. Nxc3 Rd6 $17 {[%cal Ye8d8]}) 19. Nf6+ $1 (19. Qxd3 Bxf5 20. f3 Bxe4 21.
fxe4 Rxe4 $17) 19... gxf6 20. Qxd3 Qxf2 (20... Bh5 $6 21. Rdg1+ Kh8 22. Rg3 $40
) 21. fxg6 hxg6 22. Bd4 (22. Rhf1 $1 Qxe3+ 23. Qxe3 Rxe3 24. Rd8 $1 Nc4 25. Bb4
Nd6 26. Bxd6 cxd6 27. Rxf6 Kg7 28. Rf2 $14) 22... Nd5 23. Kb1 c5 $6 (23... Qh4
$5 24. Bxa7 c6 $44) 24. Rhf1 (24. Bxc5 $5 Bxc5 25. Qxd5 Qxe3 26. Qxb7) 24...
Qxh2 25. Bxf6 Nxf6 26. Rxf6 Bg7 27. Qb5 Bxf6 (27... Qe5 28. Rfd6 b6 29. Qxe8+
Qxe8 30. Rd8 Kf8 $11) 28. Qxe8+ Kg7 29. Qb5 Qg2 30. Rd7 Qe4+ 31. Ka2 Qe6+ 32.
Kb1 Qe4+ 33. Ka2 Qe6+ 34. Kb1 Qe4+ {Black doesn't take the risk of playing for
a win.} (34... g5 $6 {M.Notkin} 35. Qxb7 g4 36. Qd5) 1/2-1/2

[Event "Corus"]
[Site "Wijk aan Zee"]
[Date "2010.01.23"]
[Round "7"]
[White "Short, Nigel D"]
[Black "Kramnik, Vladimir"]
[Result "1/2-1/2"]
[WhiteElo "2696"]
[BlackElo "2788"]
[Annotator "Marin,M"]
[PlyCount "125"]
[EventDate "2010.01.16"]
[EventType "tourn"]
[EventRounds "13"]
[EventCountry "NED"]
[EventCategory "19"]
[SourceTitle "CBM 135"]
[Source "ChessBase"]
[SourceDate "2010.03.17"]
[SourceVersion "1"]
[SourceVersionDate "2010.03.17"]
[SourceQuality "1"]

1. e4 e5 2. Nf3 Nf6 3. d4 Nxe4 4. dxe5 ({White can reach the same structure as
in the game with the move order} 4. Bd3 d5 5. dxe5 {However, in this case the
d3-bishop would be exposed to ...Nc5.}) 4... d5 5. Nbd2 Nc5 6. a3 $5 $146 {
A new move, aiming to provoke the weakening of the black queenside. Eventually,
this yielded a pawn a dozen of moves later.} (6. Nb3) 6... a5 7. Be2 Be7 8. O-O
O-O 9. Re1 Nc6 10. Nf1 Bf5 11. Ng3 Bg6 12. Be3 {The position is similar to
those arising from the Open Ruy Lopez, but the queenside situation is a bit
different and the white light-squared bishop is on e2 rather than on c2.
Summing up, the weakness of the b5-square is a bit annoying for Black.} a4 {
This is the most logical way to put the queenside into harmony. However, Black
will not find it easy to keep the balance between the opposite wings.} 13. Bb5
Na5 14. Nd4 c6 15. Bf1 $14 {Suddenly, the threat of f4-f5 is very strong.} f6 {
Sacrificing a pawn without sufficient compensation.} 16. exf6 Bxf6 17. Nxc6
bxc6 18. Bxc5 Re8 19. Qd2 Rxe1 20. Rxe1 Nc4 21. Bxc4 dxc4 22. Qb4 c3 23. bxc3
Qd2 24. Qc4+ Kh8 25. Re2 Qd1+ 26. Nf1 Bxc3 27. h3 Rd8 28. Re3 Bd2 29. Rf3 Bg5
30. Qxa4 Bxc2 31. Qa5 h6 32. Be3 Bxe3 33. Rxe3 Qd4 34. Rc3 Be4 35. Ne3 Qd2 36.
Qe5 Rf8 37. Kh2 Bd5 38. Rc2 Qd3 39. a4 Qg6 40. Rb2 Re8 41. Rb8 Rxb8 42. Qxb8+
Bg8 43. Qe5 Qf7 44. Nf5 Qa7 45. a5 c5 46. f4 Ba2 47. a6 Bc4 48. Nxh6 Qxa6 49.
Nf5 Qf6 50. Qxc5 Be6 51. g4 Bxf5 52. Qxf5 Qb2+ 53. Kg3 Qc3+ 54. Kh4 Qe1+ 55.
Kh5 Qe8+ 56. Qg6 Qe3 57. Kg5 Qe7+ 58. Kh5 Qe3 59. Qf7 Qxh3+ 60. Kg5 Qh6+ 61.
Kf5 g6+ 62. Ke5 Qg5+ 63. fxg5 1/2-1/2

[Event "Corus"]
[Site "Wijk aan Zee"]
[Date "2010.01.24"]
[Round "8"]
[White "Kramnik, Vladimir"]
[Black "Nakamura, Hikaru"]
[Result "1-0"]
[WhiteElo "2788"]
[BlackElo "2708"]
[Annotator "Marin,M"]
[PlyCount "87"]
[EventDate "2010.01.16"]
[EventType "tourn"]
[EventRounds "13"]
[EventCountry "NED"]
[EventCategory "19"]
[SourceTitle "CBM 135"]
[Source "ChessBase"]
[SourceDate "2010.03.17"]
[SourceVersion "1"]
[SourceVersionDate "2010.03.17"]
[SourceQuality "1"]

1. d4 f5 2. g3 Nf6 3. Bg2 g6 4. c4 Bg7 5. Nc3 O-O 6. Nf3 d6 7. O-O c6 8. Rb1 {
From theoretical point of view, this is less topical than 8. d5 and 8.b3, but
has a lot of strategic substance. White removes the rook from the corthe event
of the opening of the centre and prepares either a bold attack with b4-b5 or,
in some other cases, the more solid b3.} Ne4 {This is considered to be one of
Black's best replies, but after this game the evaluation may change. After all,
Black's whole queenside is undeveloped, why start exchanging already developed
pieces?} ({Kramnik had faced} 8... Na6 {15 years ago in a semi rapid game.} 9.
b4 Ne4 10. Bb2 $5 (10. Nxe4 fxe4 11. Nd2 d5 12. b5 {looks more consistent,
like in Beliavsky,A (2620)-Nikolic,P (2670)/Polanica Zdroj 1996/CBM 055/
[Beliavsky] (1-0, 38)}) 10... Be6 11. b5 {This was recommended by Beliavsky in
the Chess Informant.} (11. Qb3 $2 b5 12. Nxe4 Bxc4 13. Qe3 fxe4 14. Qxe4 Nxb4
15. Bh3 Kh8 $17 {Kramnik,V (2715)-Ivanchuk,V (2700)/Monte Carlo 1995/CBM 046
ext (1/2, 51)}) 11... cxb5 $5 ({Beliavsky only analyses} 11... Nc7 12. bxc6
bxc6 13. Qa4 Rb8 14. Ba1 $1 $14) 12. cxb5 Nc7 (12... Nxc3 13. Bxc3 Nc7 14. Ng5
Bxa2 15. Rc1 d5 16. Qa4 Bc4 17. Ba5 $36 {[%cal Gc1c4]} Bxb5 18. Qb3 $16 {
[%cal Gc1c7]}) 13. Nxe4 fxe4 14. Ng5 Bxa2 15. Rc1 Bh6 16. h4 Bd5 $13) (8... Qe8
{[%cal Ge7e5]} 9. d5 $5 Na6 (9... e5 10. dxe6 Bxe6 11. b3 $1 {We can see the
usefulness of the Rb1.} Qe7 $14 {Black has practically lost a tempo and has
failed to get early counterplay.}) 10. b4 cxd5 11. Nxd5 Nxd5 12. Qxd5+ Kh8 13.
Bb2 $14 {Larsen,B (2540)-Kortschnoj,V (2605)/Buenos Aires 1993/CBM 035 (1-0,
43). In his youth, Korchnoi was one of the promoters of the Leningrad Dutch,
but his later tastes changed radically and it is surprising to see him on the
black side in 1993.}) (8... Qc7 9. d5 e5 10. dxe6 Bxe6 11. b3 $14 {Black has
avoided losing a tempo in this line, but his queen is not especially well
placed on c7.}) 9. Qc2 ({According to Kramnik, it was around 3 a.m. when he
realized that White should refrain from} 9. Nxe4 fxe4 10. Nd2 d5 11. e3 Be6 12.
b4 b5 13. cxb5 cxb5 14. a4 bxa4 15. Qxa4 Nd7 16. Qa2 Bf7 17. Nb3 (17. Bb2 {
Beliavsky,A (2645)-Spraggett,K (2560)/Elista 1998/CBM 066 ext/[Hecht] (1/2, 64)
}) 17... Nb6 {Beliavsky,A (2618)-Agrest,E (2554)/Batumi 1999/CBM 074/
[Tsesarsky] (1-0, 35)}) 9... Nxc3 10. bxc3 $1 {This move gives meaning to
White's previous play. The b-file has been opened for the rook and, since ...
e5 is unavoidable, we can also state that the white centre has been
strengthened.} (10. Qxc3 e5 {does not pose Black any problems.} 11. dxe5 dxe5
12. e4 (12. Qa3 {Adla,D (2435)-Tovillas,D (2335)/Buenos Aires 1991/EXT 2000 
(1-0, 33)} e4 13. Ng5 h6 14. Nh3 Be6 15. b3 g5 $11) (12. Nxe5 Nd7 13. f4 Qe7
$15) 12... f4 13. b4 (13. b3 Qe7 14. Bb2 Bg4 15. Qa5 c5 $15 {[%cal Gb8c6,Gc6d4]
Skembris,S (2455)-Leow Leslie M (2455)/Novi Sad 1990/TD (1/2, 22)}) 13... g5
14. Bb2 Qe7 15. Rfe1 (15. Nxe5 $2 Nd7 $19) 15... Be6 (15... g4 16. Nh4 {
[%csl Gf5]}) 16. Rbd1 Nd7 17. c5 Bf6 18. a3 g4 $132 {Ionesi,C (2232)-Grunberg,
M (2403)/Predeal 2006/CBM 113 ext (0-1, 36)}) 10... e5 $146 {Black
consequently fights for space on the whole board, but his poor development
will prevent him from consolidating properly. I find it hard to recommend an
entirely adequate continuation.} (10... Qa5 11. c5 dxc5 12. Qb3+ e6 13. Bf4 Re8
14. Ne5 cxd4 15. cxd4 $32 {Giri,A (2517)-Reinderman,D (2560)/Hilversum 2009/
CBM 131 Extra (1/2, 43)}) 11. Rd1 e4 {Black is more or less forced to release
the tension. Otherwise, White would get a strong initiative.} (11... Qe7 12. c5
$1 dxc5 (12... e4 13. cxd6 Qxd6 14. Bf4 Qe7 15. Ne5 $16) 13. Nxe5 Bxe5 14. dxe5
Qxe5 15. Bh6 ({If I reached this position in a game, I most surely would
continue with} 15. Bf4 $16 {[%cal Gf4d6,Gd6c5] but the surprising line
suggested by the computer is even better.}) 15... Re8 16. Rxb7 Bxb7 17. Qb3+
Kh8 18. Qxb7 $18) (11... Qe8 12. dxe5 dxe5 13. Ba3 Rf7 14. e4 $16) 12. Ng5 h6 {
This creates new weaknesses, but the white knight is incredibly versatile, as
we can notice in the following line.} (12... Na6 13. f3 exf3 14. exf3 Nc7 15.
Re1 Qf6 16. f4 $1 {[%csl Re5][%cal Gg5f3,Gc1a3,Gc4c5] followed by Ba3, c5 and
the d6-pawn and the occupation of the e5-square. We can feel the power of the
doubled pawns. One of them is used for active purposes, while the other stays
back to defend the d4-pawn.}) 13. Nh3 g5 14. f3 d5 ({Once again, White would
have a clear plan of installing his knight on e5 if Black releases the tension:
} 14... exf3 15. exf3 Na6 16. f4 g4 17. Nf2 Nc7 18. Nd3 $14 {[%csl Ge5][%cal
Gc4c5]}) 15. Nf2 Kh8 {This move does not seem to be connected with any
concrete plan. In some lines Black must have feared an attack along the a2-g8
diagonal. However, it should be mentioned that the king move does not
contribute to the queenside development in any way.} (15... Rf7 $5 {[%cal
Gc8e6]} 16. Qb3 {White should delay the exchange on d5 until Black has
developed his knight, in order to avoid ...Nc6} (16. cxd5 cxd5 17. c4 Rc7 18.
c5 Nc6 $11) 16... Na6 (16... Be6 $2 17. cxd5 cxd5 18. fxe4 fxe4 19. Nxe4 $16) (
16... Qb6 $5) 17. cxd5 cxd5 18. c4 Be6 $14) 16. cxd5 cxd5 17. c4 {Black will
lose stability soon, but Nakamura had prepared an interesting trick.} e3 $5 {
Only this way can the activation of the g2-bishop be prevented. However, Black
may lose the courageous pawn later.} 18. Nd3 (18. Bxe3 $2 f4 {[%cal Gc8f5]} 19.
Bd2 Bf5 20. Qb2 (20. Nd3 $2 Nc6) 20... Bxb1 21. Rxb1 Nc6 $15) 18... Nc6 19.
Bxe3 ({The hurried} 19. Ne5 Nxe5 20. dxe5 {would leave the g2-bishop caged
after} f4 $44 {[%csl Gg2]}) 19... Nxd4 ({According to the joint post mortem
analysis by Kramnik and Nakamura,} 19... Qe8 {would have been better, although
they concluded that after} 20. Qc1 dxc4 21. Ne5 Nxe5 22. dxe5 Qxe5 23. f4 $36 {
White maintains the initiative.}) 20. Bxd4 Bxd4+ 21. Kh1 {The position has
been opened and White has achieved a huge advance in development. However, the
situation is not entirely clear yet, because the next move will leave the
g2-bishop passive.} f4 22. Rb5 $5 {An elegant move, increasing the pressure in
the centre.} (22. Nxf4 gxf4 23. Rxd4 Bf5 {[%csl Gb1]}) (22. cxd5 Be3 {[%csl
Gg2]}) 22... Qf6 23. Rxd5 Be6 $2 {The decisive mistake, probably caused by a
miscalculation.} ({Black could have stayed in the game with} 23... Be3 $5 $14 {
consolidating his grip on the dark squares. Although White is a pawn up and
has an impressive domination in the centre, for practical purposes he is a
piece down for the time being. Probably, he should look for a way to exploit
the exposed position of the black king (to be compared with the absolutely
safe residence of his white rival), combined with the possibility of
exchanging the e3-bishop for his knight. Engines are very enthusiastic when
evaluating the position, but the passivity of the g2-bishop is something they
do not understand easily.}) 24. Nxf4 gxf4 ({He might have overlooked that after
} 24... Bxd5 25. Ng6+ Kg8 26. Nxf8 Bc6 {the knight gets out with} 27. Ne6 $1
$18) 25. R5xd4 fxg3 26. hxg3 $18 {White is two pawns up and can repel Black's
attack quite easily. The game is practically over.} Rg8 27. Rf4 Qg5 28. Rh4 Rg6
29. Qc3+ Kh7 30. f4 Qxg3 31. Qxg3 Rxg3 32. Bxb7 Rb8 33. Be4+ Kg7 34. Kh2 Re3
35. Rg1+ Kf7 36. Bg6+ Ke7 37. Bd3 Rb2 38. Rg2 Rxa2 39. Rxh6 Bf7 40. Rh7 Kf6 41.
c5 Ra4 42. c6 Rxf4 43. c7 Re8 44. Rxf7+ 1-0